NFL Dallas Cowboys 2021-2022 Active Roster - Statistics

General Stats
  • This quiz has been taken 287 times
    240 since last reset
  • The average score is 26 of 69
Answer Stats
Hint Answer % Correct
QB Dak Prescott
99%
RB Ezekiel Elliott
96%
WR CeeDee Lamb
95%
RB Tony Pollard
89%
WR Amari Cooper
88%
CB Trevon Diggs
83%
QB Cooper Rush
80%
TE Dalton Schultz
80%
WR Michael Gallup
79%
T Tyron Smith
79%
OLB Micah Parsons
78%
G Zack Martin
74%
DE DeMarcus Lawrence
71%
Head Coach Mike McCarthy
69%
WR Noah Brown
67%
CB Anthony Brown
66%
OLB Leighton Vander-Esch
66%
WR Cedrick Wilson Jr
59%
SS Donovan Wilson
59%
TE Blake Jarwin
49%
Defensive Cord Dan Quinn
44%
K Greg Zuerlein
44%
Offensive Cord Kellen Moore
44%
P Bryan Anger
43%
G Connor Williams
42%
DE Randy Gregory
42%
T Lael Collins
39%
FS Malik Hooker
39%
SS Jayron Kearse
38%
QB Will Grier
33%
CB Jourdan Lewis
32%
T Terence Steele
32%
C Tyler Biadasz
32%
CB Kelvin Joseph
30%
DE Dorance Armstrong
29%
G Connor McGovern
28%
FS Damontae Kazee
27%
RB Rico Dowdle
27%
WR Simi Fehoko
27%
DT Neville Gallimore
25%
DT Osa Odighizuwa
25%
ILB Keanu Neal
23%
OLB Jabril Cox
21%
WR Malik Turner
20%
RB Corey Clement
19%
TE Jeremy Sprinkle
19%
DT Trysten Hill
19%
DT Carlos Watkins
17%
OLB Luke Gifford
16%
TE Sean McKeon
16%
T Josh Ball
15%
CB Nahshon Wright
15%
CB CJ Goodwin
14%
Special Teams Cord John Fassel
14%
DT Quinton Bohanna
14%
DE Tarell Basham
14%
DE Chauncey Golston
13%
FS Israel Mukuamu
11%
LS Jacob McQuaide
10%
C Matt Farniok
10%
DT Brent Urban
9%
OLB Francis Bernard
9%
WR TJ Vasher
8%
T Ty Nsekhe
8%
CB Maurice Canady
6%
CB Reggie Robinson
6%
K Hunter Niswander
4%
T Mitch Hyatt
4%
FB Sewo Olonilua
3%
No matching quizzes found
Score Distribution
Percent of People with Each Score
Percentile by Number Answered
Your Score History
You have not taken this quiz since the last reset